000
00315 a2200145 4500
001
156167
040
_c
Escola São Tomás de Aquino
100
_a
CARRASCO, Walcyr
240
1
0
_a
Vida de droga
_l
por
245
1
0
_a
Vida de droga
300
_a
170
362
0
_a
2016
697
_a
*LITERATURA JUVENIL
942
_c
BK
999
_c
156167
_d
156167